Nostra damus : an illustrated guide to hes predictions
| Main Author: | |
|---|---|
| Format: | Book |
| Published: |
London :
Bison Books ,
1993
|
| Subjects: |
MARC
| LEADER | 00000cam a2200000 7i4500 | ||
|---|---|---|---|
| 001 | 0000004469 | ||
| 002 | 000004813 | ||
| 005 | 20000330.0 | ||
| 020 | |a 1854224565 | ||
| 090 | 0 | 0 | |a 133.3 |b RID |
| 100 | 0 | |a Ridge, Millie | |
| 245 | 0 | 0 | |a Nostra damus : |b an illustrated guide to hes predictions |c Millie Ridge |
| 260 | |a London : |b Bison Books , |c 1993 | ||
| 300 | |a 80p. : |b illust ; |c 1993. | ||
| 600 | 0 | 0 | |a Nortradamus |x Prophecies |
| 650 | 0 | 0 | |a Prophecies# |a Fore casting |
| 999 | |a 032722 |b BUKU |c PINJAMAN |e PERPUSTAKAAN KOMUNITI PETALING JAYA | ||